000 00711nam a2200241Ia 4500
003 OSt
005 20220923225007.0
006 a|||||r|||| 00| 0
007 ta
008 220922b |||||||| |||| 00| 0 hin d
024 _a254,825
037 _cTextual
040 _aARTS
_cARTS
_bhin
041 _2hin
_ahin
082 _aO152,3N01w, K0
100 _aशर्मा, पाण्डेय बेचन
_9156370
245 0 _aअपनी खबर
246 _aApanī khabara
260 _c1960
650 _aहिन्दी साहित्य
_9156264
942 _hO152,3N01w, K0
_cTEXL
_2CC
999 _c375292
_d375292